Страны с трёхцветными флагами - Statistics

General Stats
  • This quiz has been taken 21 times
    18 since last reset
  • The average score is 44 of 75
Answer Stats
Цвет Цвет Цвет Answer % Correct
ㅤㅤ Болгария
100%
Германия
100%
Литва
100%
Россия
92%
Ирландия
83%
Исландия
83%
Италия
83%
Румыния
83%
Словакия
83%
Словения
83%
Соединённые Штаты Америки
83%
Франция
83%
Эстония
83%
ㅤㅤ Беларусь
75%
ㅤㅤ Бельгия
75%
Венгрия
75%
Иран
75%
Норвегия
75%
Австралия
67%
ㅤㅤ Армения
67%
Великобритания
67%
Гвинея
67%
Колумбия
67%
Кот-д'Ивуар
67%
Мадагаскар
67%
Мали
67%
Непал
67%
Нидерланды
67%
Таиланд
67%
Чад
67%
Чехия
67%
Алжир
58%
Ангола
58%
Йемен
58%
Камерун
58%
Кипр
58%
Корейская Народно-Демократическая Республика
58%
Косово
58%
Куба
58%
Мальдивы
58%
Монголия
58%
Оман
58%
Узбекистан
58%
Габон
50%
Лаос
50%
Либерия
50%
Ливан
50%
Люксембург
50%
Мавритания
50%
Мальта
50%
Нигер
50%
Новая Зеландия
50%
Республика Конго
50%
Тайвань
50%
Чили
50%
Ямайка
50%
ㅤㅤ Багамские острова
42%
ㅤㅤ Барбадос
42%
ㅤㅤ Бенин
42%
ㅤㅤ Босния и Герцеговина
42%
Ботсвана
42%
Бурунди
42%
Гренада
42%
Панама
42%
Руанда
42%
Сенегал
42%
Буркина-Фасо
33%
Демократическая Республика Конго
33%
Малави
33%
Науру
33%
Самоа
33%
Тринидад и Тобаго
33%
Маршалловы острова
25%
Сент-Винсент и Гренадины
25%
Сьерра-Леоне
25%
No matching quizzes found
Score Distribution
Percent of People with Each Score
Percentile by Number Answered
Your Score History
You have not taken this quiz since the last reset